Stolice Afryki - nagła śmierć - Statystyki

Ogólne statystyki
  • Ten quiz został rozwiązany 193 razy
  • Średni wynik to 9 z 18
Answers on the Grid
Answers color-coded by a green-red scale on the quiz's grid according to % correct below.
Abidżan
Addis Abeba
Akra
Aleksandria
Asmara
Bandżul
Bissau
Casablanca
Dar Es Salaam
Duala
Durban
Dżibuti
Freetown
Gaborone
Giza
Harare
Ibadan
Johannesburg
Lagos
Lusaka
Maseru
Mombasa
Niamey
Omdurman
Praia
Pretoria
Trypolis
Tunis
Victoria
Wagadugu
 
Statystyki odpowiedzi
Odpowiedź % Poprawnych
Addis Abeba
78%
Dżibuti
70%
Akra
65%
Bissau
60%
Tunis
57%
Freetown
55%
Gaborone
55%
Harare
54%
Trypolis
54%
Niamey
50%
Asmara
46%
Bandżul
46%
Lusaka
46%
Pretoria
45%
Wagadugu
45%
Praia
44%
Victoria
39%
Maseru
38%
Nie znaleziono quizów pasujących do podanych kryteriów
Rozkład punktacji
Procent ludzi z każdym wynikiem
Percentyl według liczby udzielonych odpowiedzi
Twoja historia wyników
Nie rozwiązałeś tego quizu